Taylor Swift Songs 5 - Statistics

General Stats
  • This quiz has been taken 15 times
  • The average score is 269 of 338
Answer Stats
% Correct
a
100%
I
100%
the
100%
The
100%
They
100%
you
100%
You
100%
an
93%
He
93%
he
93%
it
93%
it,
93%
love
93%
me
93%
all
86%
All
86%
am
86%
and
86%
And
86%
but
86%
can
86%
´Cause
86%
do
86%
I´m
86%
my
86%
of
86%
so
86%
too
86%
did
79%
didn´t
79%
even
79%
four)
79%
her
79%
his
79%
in
79%
it´s
79%
know
79%
like
79%
(One,
79%
(one,
79%
real
79%
The Tortured Poets Department
79%
three,
79%
three)
79%
time
79%
time,
79%
two,
79%
when
79%
your
79%
act
71%
art
71%
as
71%
avoids
71%
Babe,
71%
been
71%
birthday
71%
bitch,
71%
Breaking
71%
breath
71%
broken
71%
camera,
71%
chanting:
71%
come
71%
crowd
71%
cry
71%
day
71%
depressed,
71%
die
71%
doing
71%
down,
71%
every
71%
fake
71%
floor
71%
for
71%
good
71%
good,
71%
gotta
71%
handle
71%
having
71%
heart
71%
he´d
71%
him,
71%
hit
71%
hold
71%
I´ve
71%
job
71%
kid,
71%
left
71%
life
71%
life,
71%
lights
71%
Lights,
71%
lot,
71%
make
71%
mind
71%
More!
71%
night
71%
obsessed
71%
pass
71%
pieces
71%
productive,
71%
read
71%
said:
71%
said
71%
shattered
71%
She´s
71%
shit
71%
short
71%
show
71%
smile,
71%
sure
71%
test
71%
that
71%
There
71%
this
71%
till
71%
tough
71%
Try
71%
wanna
71%
was
71%
with
71%
you´re
71%
drawers
64%
finding
64%
glittering
64%
grinnin´
64%
hitting
64%
I Can Do It With a Broken Heart
64%
keep
64%
knows
64%
marks
64%
miles
64%
miserable
64%
nobody
64%
plague
64%
prime
64%
quite
64%
silhouette
64%
since
64%
stilettos
64%
thing
64%
things
64%
winnin´,
64%
Crucial
57%
evidence
57%
imagine
57%
lies
57%
off
57%
refract
57%
sequin
57%
stars
57%
whole
57%
No matching quizzes found
Score Distribution
Percent of People with Each Score
Percentile by Number Answered
Your Score History
You have not taken this quiz